[Event "Gerunda Tardor 3rd op"]
[Site "Gerunda"]
[Date "2019.11.05"]
[Round "6.1"]
[White "Mundet Riera, Joaquim"]
[Black "Ramon Estades, Llorenc"]
[Result "0-1"]
[WhiteElo "2060"]
[BlackElo "2084"]
[PlyCount "140"]
[EventDate "2019.09.24"]
[EventType "swiss"]
[EventRounds "9"]
[EventCountry "ESP"]
[SourceTitle "EXT 2024"]
[Source "ChessBase"]
[SourceDate "2023.10.10"]
[SourceVersion "1"]
[SourceVersionDate "2023.10.10"]
[SourceQuality "1"]

1. d4 Nf6 2. c4 g6 3. Nc3 Bg7 4. Bg5 d6 5. Nf3 0-0 6. e3 b6 7. Bd3 Bb7 8. Qe2 Nbd7 9. 0-0 Nh5 10. Rad1 Bxf3 11. Qxf3 c5 12. Be2 Rb8 13. Nb5 Nhf6 14. Nxa7 Qe8 15. Nb5 Nh5 16. Qh3 Nhf6 17. Bf3 Qc8 18. b3 Re8 19. Rfe1 Nf8 20. Qh4 Ne6 21. Rd2 Nxg5 22. Qxg5 Nd7 23. Qh4 Nf8 24. Bd5 Nd7 25. Qh3 Nf6 26. Qxc8 Rbxc8 27. Bf3 Nd7 28. Bg4 Red8 29. Kf1 Kf8 30. a4 Ra8 31. Red1 h5 32. Bf3 Ra5 33. Nc7 Ra7 34. Nb5 Ra5 35. Bc6 Nb8 36. Bf3 Nd7 37. Ke2 Nb8 38. Rd3 Na6 39. Nc3 Nb4 40. R3d2 Ra7 41. Nb5 Ra5 42. Nc3 Ra7 43. Nd5 Nxd5 44. Bxd5 Rc8 45. Kd3 Bh6 46. f4 cxd4 47. Kxd4 e5+ 48. fxe5 dxe5+ 49. Kd3 f5 50. Ke2 Ke7 51. g3 f4 52. gxf4 exf4 53. Rd3 fxe3 54. Rf1 Rf8 55. Bf3 Rf6 56. Rd5 Ra5 57. Rfd1 Rxd5 58. Rxd5 Re6 59. c5 bxc5 60. Rxc5 Rd6 61. Rd5 Rb6 62. Rd3 Rb4 63. h3 Rh4 64. Bg2 Rb4 65. a5 Rb5 66. a6 Ra5 67. Bb7 Ra2+ 68. Ke1 Bf4 69. b4 Bg3+ 70. Kf1 e2+ 0-1

[Event "Girona Gerunda op"]
[Site "Girona"]
[Date "2018.10.30"]
[Round "6"]
[White "Ramon Estades, Llorenc"]
[Black "Alarcon Pages, Salvador"]
[Result "1-0"]
[WhiteElo "2049"]
[BlackElo "1946"]
[PlyCount "49"]
[EventDate "2018.09.25"]
[EventType "swiss"]
[EventRounds "9"]
[EventCountry "ESP"]
[SourceTitle "EXT 2020"]
[Source "ChessBase"]
[SourceDate "2019.10.17"]
[SourceVersion "1"]
[SourceVersionDate "2019.10.17"]
[SourceQuality "1"]

1. e4 c5 2. Nf3 Nc6 3. g3 e5 4. Bg2 Nf6 5. d3 Be7 6. 0-0 0-0 7. Nc3 d6 8. h3 Nd4 9. a4 a6 10. Kh2 Be6 11. Ne1 Ne8 12. f4 f5 13. exf5 Nxf5 14. Bxb7 Nxg3 15. Kxg3 g5 16. f5 Ng7 17. Nf3 Nxf5+ 18. Kh2 d5 19. Nxg5 Bxg5 20. Bxg5 Qd7 21. Bxa8 Rxa8 22. Bf6 Qd6 23. Qg4+ Kf7 24. Rxf5 e4+ 25. Be5+ 1-0

[Event "Girona Gerunda op"]
[Site "Girona"]
[Date "2018.10.23"]
[Round "5"]
[White "Alvarez Serra, Jordi"]
[Black "Ramon Estades, Llorenc"]
[Result "1-0"]
[WhiteElo "2059"]
[BlackElo "2049"]
[PlyCount "71"]
[EventDate "2018.09.25"]
[EventType "swiss"]
[EventRounds "9"]
[EventCountry "ESP"]
[SourceTitle "EXT 2020"]
[Source "ChessBase"]
[SourceDate "2019.10.17"]
[SourceVersion "1"]
[SourceVersionDate "2019.10.17"]
[SourceQuality "1"]

1. Nf3 Nf6 2. c4 g6 3. Nc3 Bg7 4. g3 0-0 5. Bg2 d6 6. 0-0 c6 7. d3 Qa5 8. Bg5 Bg4 9. Qd2 Re8 10. Rab1 Nbd7 11. b4 Qc7 12. Rfc1 Rac8 13. h3 Bxf3 14. Bxf3 Nf8 15. b5 Qd7 16. Bg2 Ne6 17. Be3 Ra8 18. a4 c5 19. a5 Rac8 20. a6 b6 21. Bc6 Rxc6 22. bxc6 Qxc6 23. Nb5 Ra8 24. d4 Qd7 25. Kh2 Ne4 26. Qd3 f5 27. f3 Nf6 28. dxc5 Nxc5 29. Bxc5 bxc5 30. Nc3 e6 31. Rb7 Qc6 32. Ra1 Nd7 33. f4 Nb6 34. Ra2 Bf6 35. Nb5 Rd8 36. Nxa7 1-0

[Event "Girona Gerunda op"]
[Site "Girona"]
[Date "2018.10.02"]
[Round "2"]
[White "Gallart Vila, Joan"]
[Black "Ramon Estades, Llorenc"]
[Result "1/2-1/2"]
[WhiteElo "1726"]
[BlackElo "2049"]
[PlyCount "79"]
[EventDate "2018.09.25"]
[EventType "swiss"]
[EventRounds "9"]
[EventCountry "ESP"]
[SourceTitle "EXT 2020"]
[Source "ChessBase"]
[SourceDate "2019.10.17"]
[SourceVersion "1"]
[SourceVersionDate "2019.10.17"]
[SourceQuality "1"]

1. e4 Nf6 2. e5 Nd5 3. Nf3 d6 4. Bb5+ c6 5. Bc4 g6 6. d4 Bg7 7. 0-0 0-0 8. exd6 Qxd6 9. Ng5 Nd7 10. Ne4 Qc7 11. Re1 N7f6 12. Bg5 Bf5 13. Ng3 Qd7 14. Qd2 Rfe8 15. h3 Rad8 16. Re5 Be6 17. c3 Nc7 18. Na3 Bd5 19. Be2 b5 20. Nc2 Ne6 21. Bh6 Bh8 22. Ne3 Ng7 23. b3 Be6 24. Rf1 b4 25. Rc5 bxc3 26. Qxc3 Qxd4 27. Qxd4 Rxd4 28. Rxc6 Ngh5 29. Nxh5 Nxh5 30. Ra6 Nf4 31. Bf3 Be5 32. Rxa7 f6 33. Bc6 Rc8 34. Bf3 Kf7 35. Ng4 Bd6 36. Ne3 g5 37. h4 Kg6 38. hxg5 fxg5 39. Ng4 Rg8 40. Ra5 1/2-1/2

[Event "Girona Gerunda op1st"]
[Site "Girona"]
[Date "2017.11.28"]
[Round "8"]
[White "Diaz Comas, Jordi"]
[Black "Ramon Estades, Llorenc"]
[Result "0-1"]
[WhiteElo "2067"]
[BlackElo "2056"]
[PlyCount "110"]
[EventDate "2017.09.26"]
[EventType "swiss"]
[EventRounds "9"]
[EventCountry "ESP"]
[SourceTitle "EXT 2019"]
[Source "ChessBase"]
[SourceDate "2018.10.10"]
[SourceVersion "1"]
[SourceVersionDate "2018.10.10"]
[SourceQuality "1"]

1. e4 Nf6 2. Nc3 d5 3. e5 Ne4 4. Nxe4 dxe4 5. d4 exd3 6. Bxd3 Nc6 7. f4 g5 8. Nf3 Bg4 9. h3 Bxf3 10. Qxf3 Qd4 11. c3 Qb6 12. e6 0-0-0 13. exf7 gxf4 14. Bxf4 Qxb2 15. Bf5+ Kb8 16. 0-0 Bg7 17. Rfc1 Qb6+ 18. Kh1 Ne5 19. Qg3 Ng6 20. Be4 Qc5 21. Rab1 b6 22. Be3 Qe5 23. Qf3 Nh4 24. Qg4 Bf6 25. Bd4 Qd6 26. Rd1 h5 27. Qe2 Qe6 28. Bxf6 exf6 29. Re1 f5 30. Qf2 fxe4 31. Qxh4 Qxf7 32. Rxe4 Qxa2 33. Rbe1 Rhg8 34. R4e2 Qd5 35. Qe4 Qxe4 36. Rxe4 Rg3 37. c4 Rd2 38. R1e2 Rxe2 39. Rxe2 Rc3 40. Re4 a5 41. g4 Rxh3+ 42. Kg2 hxg4 43. Rxg4 Re3 44. Kf2 Re5 45. Rg3 Kb7 46. Kf3 c6 47. Kf4 Rc5 48. Rc3 b5 49. Ra3 Rxc4+ 50. Ke5 a4 51. Kd6 Kb6 52. Rh3 Rd4+ 53. Ke5 Rd1 54. Rh8 Kc5 55. Ke4 a3 0-1

[Event "Girona Gerunda op1st"]
[Site "Girona"]
[Date "2017.11.07"]
[Round "5"]
[White "Ramon Estades, Llorenc"]
[Black "Vidal Palou, Jordi"]
[Result "1/2-1/2"]
[WhiteElo "2056"]
[BlackElo "1836"]
[PlyCount "42"]
[EventDate "2017.09.26"]
[EventType "swiss"]
[EventRounds "9"]
[EventCountry "ESP"]
[SourceTitle "EXT 2019"]
[Source "ChessBase"]
[SourceDate "2018.10.10"]
[SourceVersion "1"]
[SourceVersionDate "2018.10.10"]
[SourceQuality "1"]

1. e4 c5 2. Nf3 Nc6 3. d4 cxd4 4. Nxd4 d6 5. Nc3 Nf6 6. Be2 g6 7. 0-0 Bg7 8. Be3 0-0 9. h3 Nxd4 10. Bxd4 e5 11. Be3 Be6 12. Qd2 d5 13. exd5 Nxd5 14. Nxd5 Qxd5 15. Qxd5 Bxd5 16. Rfd1 Bc6 17. Rd6 Rad8 18. Rad1 Rxd6 19. Rxd6 Re8 20. Bc4 a6 21. Bb6 Rc8 1/2-1/2

[Event "Santa Eugenia op 7th"]
[Site "Santa Eugenia"]
[Date "2013.03.08"]
[Round "9"]
[White "Carraminana Puig, Jordi"]
[Black "Ramon Estades, Llorenc"]
[Result "0-1"]
[WhiteElo "1790"]
[BlackElo "1741"]
[PlyCount "76"]
[EventDate "2013.01.11"]
[EventType "swiss"]
[EventRounds "9"]
[EventCountry "ESP"]
[SourceTitle "EXT 2014"]
[Source "ChessBase"]
[SourceDate "2013.11.20"]
[SourceVersion "1"]
[SourceVersionDate "2013.11.20"]
[SourceQuality "1"]

1. d4 Nf6 2. c4 g6 3. Nc3 Bg7 4. e4 d6 5. Be2 0-0 6. Bg5 c5 7. d5 h6 8. Be3 e6 9. Qd2 Qb6 10. Rb1 exd5 11. cxd5 Re8 12. f3 Kh7 13. b4 Nfd7 14. Na4 Qc7 15. Rc1 b6 16. Nc3 Ne5 17. h3 Qd8 18. f4 Ned7 19. Bf3 Ba6 20. b5 Bb7 21. Nge2 Nf6 22. h4 Qe7 23. g4 Nbd7 24. g5 Ng8 25. h5 Qf8 26. hxg6+ fxg6 27. Bg4 Bc8 28. Be6 Qe7 29. f5 Ne5 30. Rh3 Bxe6 31. dxe6 Bf8 32. Nd5 Qd8 33. Nef4 Qxg5 34. Nxg6 Qg4 35. Nxf8+ Rxf8 36. Nf4 Nf3+ 37. Rxf3 Qxf3 38. Qg2 Qxe3+ 0-1

[Event "Santa Eugenia op 7th"]
[Site "Santa Eugenia"]
[Date "2013.02.15"]
[Round "6"]
[White "Clos Buxeda, Antoni"]
[Black "Ramon Estades, Llorenc"]
[Result "1-0"]
[WhiteElo "1602"]
[BlackElo "1741"]
[PlyCount "59"]
[EventDate "2013.01.11"]
[EventType "swiss"]
[EventRounds "9"]
[EventCountry "ESP"]
[SourceTitle "EXT 2014"]
[Source "ChessBase"]
[SourceDate "2013.11.20"]
[SourceVersion "1"]
[SourceVersionDate "2013.11.20"]
[SourceQuality "1"]

1. d4 Nf6 2. Nf3 g6 3. Nc3 d5 4. Bf4 Bg7 5. Qd2 Bf5 6. 0-0-0 c6 7. Ne5 b5 8. f3 a5 9. e4 Be6 10. Re1 a4 11. Nd3 Na6 12. e5 Ng8 13. Nc5 Nxc5 14. dxc5 Qd7 15. Ne2 h5 16. Nd4 Nh6 17. Bd3 Nf5 18. Bxf5 Bxf5 19. Bg5 Qc7 20. Re2 Bc8 21. e6 f5 22. g4 hxg4 23. fxg4 Ba6 24. gxf5 b4 25. Rf2 b3 26. a3 bxc2 27. fxg6 Qe5 28. Rf7 Rh3 29. Rxe7+ Kf8 30. Qf2+ 1-0

[Event "Santa Eugenia op 7th"]
[Site "Santa Eugenia"]
[Date "2013.02.01"]
[Round "4"]
[White "Asensio Graells, Ricard"]
[Black "Ramon Estades, Llorenc"]
[Result "0-1"]
[WhiteElo "1595"]
[BlackElo "1741"]
[PlyCount "60"]
[EventDate "2013.01.11"]
[EventType "swiss"]
[EventRounds "9"]
[EventCountry "ESP"]
[SourceTitle "EXT 2014"]
[Source "ChessBase"]
[SourceDate "2013.11.20"]
[SourceVersion "1"]
[SourceVersionDate "2013.11.20"]
[SourceQuality "1"]

1. Nf3 Nf6 2. g3 d5 3. d3 c5 4. Bg2 Nc6 5. Nbd2 e5 6. e4 d4 7. 0-0 h6 8. h3 Be6 9. Nh2 g5 10. f4 gxf4 11. gxf4 exf4 12. Rxf4 Bd6 13. Rf1 Qc7 14. Rxf6 Bxh2+ 15. Kh1 Be5 16. Rf2 0-0-0 17. Nb3 b6 18. Qf1 Bd6 19. Bf4 Ne5 20. Nd2 Rdg8 21. b3 Rg6 22. Nc4 Nxc4 23. bxc4 Rhg8 24. Bxd6 Qxd6 25. Qe2 Qg3 26. e5 Bxh3 27. Rg1 Kb8 28. Qf1 Be6 29. Rf3 Qh4+ 30. Rh3 Bxh3 0-1